top 10 najmniejszych państw świata - Statystyki

Ogólne statystyki
  • Ten quiz został rozwiązany 57 razy
  • Średni wynik to 6 z 10
Statystyki odpowiedzi
Powierzchnia w km2 Nazwa państwa % Poprawnych
0,44 Watykan
100%
61,6 San Marino
96%
1,95 Monako
90%
160 Liechtenstein
68%
21,3 Nauru
68%
316 Malta
50%
26 Tuvalu
50%
181 Wyspy Marshalla
30%
ok.300 Malediwy
20%
269 Saint Kitts and Nevis
18%
Nie znaleziono quizów pasujących do podanych kryteriów
Rozkład punktacji
Procent ludzi z każdym wynikiem
Percentyl według liczby udzielonych odpowiedzi
Twoja historia wyników
Nie rozwiązałeś tego quizu